| 000 | 00831nam a2200241 i 4500 | ||
|---|---|---|---|
| 001 | 58923 | ||
| 003 | ES-MaACL | ||
| 005 | 20250813063307.0 | ||
| 007 | t| | ||
| 008 | 031024s1960 cu ||||1| spa d | ||
| 080 | _a821.134.2(87)-82"18" | ||
| 100 | 1 |
_aEcheverría, José Antonio, _d1815-1885 _eaut _946575 |
|
| 245 | 1 | 0 |
_aObras escogidas / _cJosé Antonio Echeverría |
| 260 |
_aLa Habana : _bDirección General de Cultura, Ministerio de Educación, _c1960 |
||
| 300 |
_a109 páginas ; _c20 cm |
||
| 490 | 1 |
_aLos mejores autores cubanos _9241723 |
|
| 710 | 1 |
_aCuba. _bDirección General de Cultura _eedt _9146958 |
|
| 830 | 4 |
_9241723 _aLos mejores autores cubanos |
|
| 852 | 4 |
_aES-MaACL _bR.46170 _cGalería _jC-18481 |
|
| 942 |
_2udc _cMONOGRAFIA _n0 |
||
| 999 |
_c58923 _d58923 |
||